Zgadnij flage narysowaną w 15 sekund - Statystyki

Ogólne statystyki
  • Ten quiz został rozwiązany 39 razy
  • Średni wynik to 8 z 11
Statystyki odpowiedzi
Obrazkowy Odpowiedź % Poprawnych
Polska
94%
Stany Zjednoczone
94%
Rosja
91%
Jamajka
82%
Peru
82%
Laos
79%
Uzbekistan
79%
Jordania
68%
Papua nowa gwinea
68%
Libia
59%
Dżibuti
44%
Nie znaleziono quizów pasujących do podanych kryteriów
Rozkład punktacji
Procent ludzi z każdym wynikiem
Percentyl według liczby udzielonych odpowiedzi
Twoja historia wyników
Nie rozwiązałeś tego quizu